Kleinste Länder mit mindestens zwei Nachbarn - Statistiken

Allgemein
  • Dieses Quiz wurde 244 mal gespielt
  • Das Durchschnittsergebnis liegt bei 14 aus 20
Antwortstatistiken
Nachbarn Kontinent Land % Korrekt
2 Europa Liechtenstein
98%
3 Europa Luxemburg
95%
2 Europa Andorra
94%
4 Europa Kosovo
82%
5 Europa Nordmazedonien
73%
2 Nordamerika Belize
72%
2 Afrika Eswatini
72%
5 Europa Montenegro
72%
2 Nordamerika El Salvador
69%
3 Afrika Burundi
65%
4 Afrika Ruanda
63%
4 Europa Slowenien
62%
2 Asien Libanon
61%
2 Asien Kuwait
60%
4 Europa Belgien
57%
3 Afrika Dschibuti
57%
4 Asien Israel
56%
2 Afrika Äquatorialguinea
52%
4 Europa Albanien
51%
4 Asien Armenien
46%
Keine übereinstimmenden Quizze gefunden
Verteilung der Resultate
Anzahl Personen mit jedem Resultat
Perzentil nach korrekt beantworteten Fragen
Ihre Resultats-Entwicklung
Sie haben dieses Quiz noch nicht gespielt